000 01005nam a2200313 a 4500
999 _c128379
_d128379
001 1027636
003 ARRUPE
005 20181012115730.0
008 900217s1988 enka bs 000 0 eng
010 _a 88166535
020 _a0855980907 :
_c£14.95
020 _a0855980893 (pbk.)
040 _aDLC
_cDLC
_dDLC
043 _aa-cb---
050 0 0 _aHC442
_b.M97 1988
082 0 0 _a338.9/1/09596
_220
100 1 _aMysliwiec, Eva.
_942916
245 1 0 _aPunishing the poor :
_bthe international isolation of Kampuchea /
_cEva Mysliwiec.
260 _aOxford, UK :
_bOxfam,
_c1988.
300 _axiii, 172 p. :
_bill. ;
_c22 cm.
500 _a"Kampuchea"--Cover.
504 _aIncludes bibliographical references (p. 172)
650 0 _aEconomic assistance
_zCambodia.
_942917
650 0 _aRefugees
_zCambodia.
_942918
650 0 _aPoor
_zCambodia.
_942919
651 0 _aCambodia
_xEconomic conditions.
_942920
740 0 _aKampuchea.
906 _a7
_bcbc
_corignew
_d3
_encip
_f19
_gy-gencatlg
942 _2lcc
_cMONOGRAPH